000 00398nam a22001451a 4500
082 _aS 294.592 1
_bGAJ/V
100 _aGajanan Shastri Musalgaonkar
245 _aVaidik sahitya ka itihas/
_cby Gajanan Shastri Musalgaonkar
260 _aVaranasi:
_bChaukamba Sanskrit Sansthan,
_c1994.
300 _a452p.
650 _aVedic Literature
650 _aHinduism
650 _aReligion
942 _cBK
999 _c48733
_d48733